000 00272 a2200121 4500
001 64105
082 _a623.4519 HEM
090 _c37879
_d37879
100 _aHemsch Michael J
245 _aTactical Missile Aerodynamics
260 _aNY
_bAIAA
_c1986
300 _a858
942 _aNUST-CAE
_k623.4519 HEM
999 _c299178
_d299178